000 00856nas a2200241 454500
001 39851
005 20260407193510.0
008 260407s1993####ag###########|||spa#d
003 AR-UNSa-BCEJYS
040 _aAR-UNSa-BCEJYS
_bspa
_cAR-UNSa-BCEJYS
080 _a378
_xEnseñanza superior. Universidades. Escuelas especiales
245 1 0 _aAkademon
_pnoticias de universidades e institutos superiores en Israel
264 1 _aBuenos Aires :
_bCIDIPAL
_c1993
310 _aFrecuencia: Irregular
041 _aspa
942 _cSER
590 _aniveau_biblio:s niveau_hierar:1
100 1 _aCentro de Información y Documentación de Israel para América Latina (CIDIPAL)
650 _aUNIVERSIDADES
650 _aIsrael
650 _aEDUCACION SUPERIOR
856 4 1 _uhttps://biblioeco.unsa.edu.ar/pmb/images/revistas/R20457.jpg
_yImagen de portada
_qimage/jpeg
999 _c8863
_d8863